1337 1888 1356 1365 1450 1485 1627 1553 1151 1464 1431 1870 1225 1306 1587 1454 1594 1939 1400 1705 1382 1451 1180 1974 1290 1233 1577 1005 1549 1035 1591 1060 1832 1133 1302 1082 1029 1693 1536 1541 1105 1547 1878 1483 1865 1562 1008 1640 1621 1071 1611 1607 1687 1850 1968 1049 1164 1754 1149 1468 1757 1470 1652 1605 1883 1196 1831 1133 1103 1741 1373 1143 1387 1580 1134 1551 1077 1656 1131 1002 1937 1507 1003 1285 1624 1177 1818 1536 1218 1741 1162 1244 1314 1970 1160 1459 1171 1865 1608 BCNSPRNW ULIB Ver.6.0+V

เปลี่ยนเป็นภาษาไทย

Change to English
 แสดงรายละเอียดบรรณานุกรม
  กลับหน้าหลัก

Brief Record : Get Marc (ISO 2709) : E-mail record : QR code < ปิดหน้าต่าง
LEADER : 00000nam 2200000uu 4500
001    13399111993
003     ULIB
008    110714s2549||||th 000 0 tha d
020    9749320107
050  4 PE1114 จ758 2549
245 00 เจาะเกราะ CU-TEP แนวใหม่ /^cโดย Postgrad Team
250    พิมพ์ครั้งที่ 2
260    กรุงเทพฯ :^bหน้าต่างสู่โลกกว้าง,^c2549
300    310 หน้า ;^c26 ซม.
500    คู่มือสอบเข้าปริญญาโทจุฬาฯ ทุกคณะ
650  4 ภาษาอังกฤษ^vข้อสอบและเฉลย
650  4 ภาษาอังกฤษ^xไวยากรณ์
710 2  Postgrad Team
945    ^p0^l0^i020212
995    เกษร
999 ^a ใช้งานได้ทุกระบบ
รายการนี้ยังไม่มีแท็ก
คุณยังไม่ได้ล็อกอิน คุณสามารถมีกิจกรรมร่วมกับเว็บไซต์ได้ แต่ต้องล็อกอินก่อน ::
  ล็อกอิน

รายการสื่อสารสนเทศ

ลำดับที่ ประเภท เลขเรียก/บาร์โค้ด สถานที่ สถานะ
- ไม่พบข้อมูล -

BibComment


ยังไม่เคยถูกคอมเมนท์

คอมเมนท์ทรัพยากรรายการนี้
  คอมเมนท์: เจาะเกราะ CUTEP แ..


 Copyright 2026. Bcnsprnw @Library